000 00545nam a22001937a 4500
005 20151203103623.0
010 _aENG-114230
020 _a8180549976
_c200.00
020 _a9788180549977
_c200.00
035 _aEN-97762
037 _bDBAD/PUB
082 _a650
100 _aGupta, C.B.
245 _aEssentials of business environment /
_cby C. B. Gupta
260 _aNew Delhi
_bSultan Chand
_c2014
270 _a23, Daryaganj
_bNew Delhi
_e110002
300 _avarious pagings
_c25cm(pbk)
942 _2ddc
_cEN
_mGUP
_h650
999 _c97672
_d97672